| 000 -LEADER |
| fixed length control field |
00623nam a22002177a 4500 |
| 008 - FIXED-LENGTH DATA ELEMENTS--GENERAL INFORMATION |
| fixed length control field |
131009b xxu||||| |||| 00| 0 ger d |
| 020 ## - INTERNATIONAL STANDARD BOOK NUMBER |
| International Standard Book Number |
3540504680 |
| 020 ## - INTERNATIONAL STANDARD BOOK NUMBER |
| International Standard Book Number |
0387504680 |
| 041 0# - LANGUAGE CODE |
| Language code of text/sound track or separate title |
ger |
| 080 ## - UNIVERSAL DECIMAL CLASSIFICATION NUMBER |
| Universal Decimal Classification number |
007.52 |
| 100 1# - Rafti |
| Rafti |
Klippel, Clemens |
| 245 10 - TITLE STATEMENT |
| Title |
Mobiler roboter im Materialfluβ eines flexiblen Fertigungssystems / |
| Statement of responsibility, etc |
Clemens Klippel |
| 260 ## - |
| -- |
Berlin : |
| -- |
New York : |
| -- |
Springer Verlag ; |
| -- |
1988 |
| 300 ## - |
| -- |
148 f. : |
| -- |
me il. ; |
| -- |
21 cm. |
| 490 ## - |
| -- |
Forschungsberichte |
| -- |
17 |
| 500 ## - |
| -- |
Vorwort f. : [III] |
| 650 #0 - |
| -- |
Robotët |
| 650 #0 - |
| -- |
Automatët |
| 700 1# - |
| -- |
Milberg, J. |
| -- |
Ing. |
| 942 ## - ADDED ENTRY ELEMENTS (KOHA) |
| Source of classification or shelving scheme |
|
| Item type |
Books |